000 00807nam a22002177a 4500
003 0
005 20250129104515.0
008 150928b xxu||||| |||| 00| 0 eng d
050 _aPGS BF 723.S62
_b.Q6 2015
100 _aQui, John Keith.
245 _aMultiplayer video game preference and social skills of grade 6 students /
_cJohn Keith Qui.
260 _aLas PiƱas City, Philippines :
_bSouthville International School and Colleges,
_c2015.
300 _a29 p. :
_fill. ;
_c28 cm.
504 _aIncludes bibliographical references.
650 _aVideo games
_vPsychological aspects.
650 _aSocial skills in children.
650 _aInterpersonal relations in children.
650 _aEducational games
_vPsychological aspects.
650 _aPlay
_vPsychological aspects.
942 _2lcc
_cPASS
999 _c288752
_d288752